00431nam a2200145 a 4500008004100000020001800041050001500059100002100074245009400095260002800189300002000217350000900237650001600246650002300262101111s2008 ||||||||||||||||| || u a9781846283918 aTA 174 Arm aArmstrong, James10aDesign matters: the organisation and principles of engineering designcby James Armstrong aLondon:bSpringerc2008 axiv, 164p.: ill a0.00 aENGINEERING aENGINEERING DESIGN